Les équipes demi-finalistes d'Europa League - Statistiques

Statistiques générales
  • Ce quiz a été pris 183 fois
  • Le résultat moyen est 35 sur 52
Statistiques - réponses
Pays Equipe demi-finaliste Nombre de fois % Correct
Espagne FC Séville 6
97%
France Marseille 2
96%
Portugal Benfica Lisbonne 3
95%
Portugal Porto 2
95%
Angleterre Arsenal 2
94%
Italie Inter Milan 2
94%
Pays-Bas Ajax Amsterdam 1
93%
Angleterre Chelsea 2
93%
Angleterre Manchester United 2
93%
France Lyon 1
92%
Espagne Athletic Bilbao 1
90%
Allemagne Borussia Dortmund 1
90%
Italie Juventus Turin 1
89%
Espagne Atlético Madrid 3
87%
Espagne FC Valence 4
87%
Angleterre Liverpool 3
85%
Portugal Sporting Braga 1
85%
Portugal Sporting Portugal 2
85%
Espagne FC Barcelone 1
84%
Ecosse Glasgow Rangers 1
84%
Ecosse Celtic Glasgow 1
82%
Ukraine Chakthar Donetsk 3
82%
Ukraine Dynamo Kiev 1
82%
Italie Lazio Rome 1
78%
Allemagne Bayern Munich 1
76%
Espagne Espanyol Barcelone 1
75%
Pays-Bas Feyenoord Rotterdam 1
75%
Russie Zenith Saint-Petersbourg 1
75%
Italie Milan AC 1
72%
Suisse Bale 1
69%
Russie CSKA Moscou 1
69%
Autriche Red Bull Salzbourg 1
66%
Italie Naples 1
65%
Roumanie Steaua Bucarest 1
65%
Espagne Villareal 3
63%
Allemagne Schalke 04 1
60%
Italie Fiorentina 2
55%
Allemagne Eintracht Francfort 1
52%
Turquie Fenerbahce 1
52%
Allemagne Hambourg 2
47%
Angleterre Newcastle United 1
46%
Allemagne Werder Breme 2
46%
Pays-Bas AZ Alkmaar 1
37%
Italie Parme 1
37%
Espagne Deportivo Alavès 1
34%
Ukraine Dnipro 1
30%
Espagne Celta Vigo 1
29%
Angleterre Fulham 1
24%
Portugal Boavista 1
20%
Espagne Osasuna 1
14%
Angleterre Middlesbrough 1
8%
Allemagne Kaiserslautern 1
6%
Aucun quiz correspondant
Distribution des résultats
% des personnes avec chaque résultat
Percentile par nombre de réponses
Votre historique - résultats
Vous n’avez pas pris ce quiz